A walk through combinatorics : (Record no. 7948)

MARC details
000 -LEADER
fixed length control field 00787nam a22002297a 4500
003 - CONTROL NUMBER IDENTIFIER
control field OSt
005 - DATE AND TIME OF LATEST TRANSACTION
control field 20220808110601.0
008 - FIXED-LENGTH DATA ELEMENTS--GENERAL INFORMATION
fixed length control field 220808b ||||| |||| 00| 0 eng d
020 ## - INTERNATIONAL STANDARD BOOK NUMBER
International Standard Book Number 9789813148840
040 ## - CATALOGING SOURCE
Transcribing agency DDC
082 ## - DEWEY DECIMAL CLASSIFICATION NUMBER
Classification number 511.6 MIK 2017
100 ## - MAIN ENTRY--PERSONAL NAME
Personal name Bóna, Miklós.
9 (RLIN) 16145
245 ## - TITLE STATEMENT
Title A walk through combinatorics :
Remainder of title an introduction to enumeration and graph theory
250 ## - EDITION STATEMENT
Edition statement 4th edition.
260 ## - PUBLICATION, DISTRIBUTION, ETC. (IMPRINT)
Place of publication, distribution, etc. New Jersey :
Name of publisher, distributor, etc. World Scientific;
Date of publication, distribution, etc. ©2017
300 ## - PHYSICAL DESCRIPTION
Extent xx, 593 pages :
Other physical details illustrations ;
Dimensions 24 cm
504 ## - BIBLIOGRAPHY, ETC. NOTE
Bibliography, etc Includes bibliographical references and index.
650 ## - SUBJECT ADDED ENTRY--TOPICAL TERM
Topical term or geographic name as entry element Combinatorial analysis -- Textbooks.
9 (RLIN) 16146
650 ## - SUBJECT ADDED ENTRY--TOPICAL TERM
Topical term or geographic name as entry element Combinatorial enumeration problems -- Textbooks.
9 (RLIN) 16147
650 ## - SUBJECT ADDED ENTRY--TOPICAL TERM
Topical term or geographic name as entry element Graph theory -- Textbooks.
9 (RLIN) 16148
942 ## - ADDED ENTRY ELEMENTS (KOHA)
Source of classification or shelving scheme Dewey Decimal Classification
Koha item type Book
Holdings
Withdrawn status Lost status Source of classification or shelving scheme Damaged status Not for loan Home library Current library Date acquired Source of acquisition Inventory number Total Checkouts Full call number Barcode Date last seen Price effective from Koha item type
    Dewey Decimal Classification     MUST Main Library MUST Main Library 08/08/2022 Purchase 22/42002   511.6 MIK 2017 2022-0769 08/08/2022 08/08/2022 Book